| 000 | 00387nam a2200145Ia 4500 | ||
|---|---|---|---|
| 008 | 150201s2001 xx 000 0 und d | ||
| 082 |
_a617.601 _bA2001N |
||
| 100 | _aNEWMAN, MG | ||
| 245 | _aANTIBIOTIC AND ANTIMICROBIAL USE IN DENTAL PRACTICE | ||
| 250 | _a2ND | ||
| 260 |
_bQUINTESSENCE PUBLICATION _aCHICAGO _c2001 |
||
| 300 | _a1-288 | ||
| 650 | _aMICROBIOLOGY | ||
| 942 |
_2ddc _cBK _01 |
||
| 999 |
_c4481 _d4481 |
||